Errate das Land 2 - Statistiken

Allgemein
  • Dieses Quiz wurde 847 mal gespielt
  • Das Durchschnittsergebnis liegt bei 5 aus 6
Antwortstatistiken
Tipp: Antwort: % Korrekt
Es das Land mit den meisten portugiesisch sprechende Menschen: Brasilien
98%
Diese Land grenzt als einziges an alle oben genannte Länder: Argentinien
87%
Diese Land war der erste Fußball-Weltmeister der Welt: Uruguay
86%
In diesem Land steht der höchste Vulkan der Welt: Chile
83%
Die Hauptstadt dieses Landes lautet Asuncion: Paraguay
77%
in diesem Land liegt der berühmte Titicacasee: Bolivien
76%
Keine übereinstimmenden Quizze gefunden
Verteilung der Resultate
Anzahl Personen mit jedem Resultat
Perzentil nach korrekt beantworteten Fragen
Ihre Resultats-Entwicklung
Sie haben dieses Quiz noch nicht gespielt